Sports Quiz

Random Sports or Football Quiz

Top 5 nba players by position Quiz Stats

 Plays Quiz not verified by Sporcle

Also try: Sports by Cupcake
Challenge
Share
Tweet
Embed
Score 0/25 Timer 08:00
0 Plays Today
position player % Correct
sflebron james
95.1%
sgdwyane wade
85.9%
sgkobe bryant
84.4%
pgchris paul
77.9%
cdwight howard
77.2%
pgsteve nash
74.5%
pg derrick rose
73.8%
sfkevin durant
73%
pgderon williams
71.5%
pgrajon rondo
71.5%
sfcarmelo anthony
69.2%
pfchris bosh
68.4%
pfdirk nowitzki
62%
position player % Correct
pfamare stoudemire
60.8%
cshaq oneal
54.8%
pfblake griffin
54%
pfkevin love
48.3%
sgbrandon roy
42.2%
sfdanny granger
41.4%
sgmanu ginobili
41.1%
sgmonta ellis
39.9%
cal horford
36.5%
candrew bogut
35%
cal jefferson
30.8%
sfandre iguodala
29.7%

You're not logged in!

Compare scores with friends on all Sporcle quizzes.
Join for Free
OR
Log In

You Might Also Like...

Show Comments

Extras

Top Quizzes Today


Score Distribution

Your Account Isn't Verified!

In order to create a playlist on Sporcle, you need to verify the email address you used during registration. Go to your Sporcle Settings to finish the process.

Report this User

Report this user for behavior that violates our Community Guidelines.

Details: